| 000 | 00348nam a2200109Ia 4500 | ||
|---|---|---|---|
| 008 | 171204s9999 xx 000 0 und d | ||
| 245 | _aHow to Make Maple Syrup: From Gathering Sap to Marketing Your Own Syrup | ||
| 245 | _cAlison Anderson | ||
| 260 | _c2014 | ||
| 650 | _xMARKETING MANAGEMENT | ||
| 856 | _uhttp://down.ebook777.com/038/1612121713.pdf | ||
| 999 |
_c347046 _d347046 |
||